00979nam a2200241 a 450000100060000000300090000600800410001502000150005604000280007108200170009910000340011624500420015025000160019226000400020830000110024849000220025950502240028165000220050565000290052794200120055699900170056895201520058514790CO-ViMGA141112s2004 ck r 000 u spa d a958683087X aCO-ViMGAbspacCO-ViMGA04a620.694 C3541 aCely Galindo, Gilberto92147810aEl horizonte Bioetico de las ciencias a4 rev. aum. aBtá.Universidad Javeriana, c1999 a506.p. atextos y manuales aLa acción constructivista de la bioética Investigación científica y bioética Salud, calidad de vida y sentido de la vida Aportes de la bioética a la cultura Contemporanea Códigos internacionales de ética14aBIOética91775114aCIENCIA Y ética921479 2ddccBK c25281d25281 00102ddc40708002aMEVIECARbMEVIECARd2015-12-04hVolumen. 1 | 11/jun/2009l0o620.694 C354 p14790r2015-12-04 00:00:00tEj. 1w2015-12-04yBK